Eastern Utah Libraries Catalog: Duchesne, Heber, Roosevelt, & Vernal

Psycho / (Record no. 10549)

MARC details
000 -LEADER
fixed length control field 02760cgm a2200685 a 4500
003 - CONTROL NUMBER IDENTIFIER
control field XX-XxUND
005 - DATE AND TIME OF LATEST TRANSACTION
control field 20241220105629.0
006 - FIXED-LENGTH DATA ELEMENTS--ADDITIONAL MATERIAL CHARACTERISTICS--GENERAL INFORMATION
fixed length control field g--- vl
007 - PHYSICAL DESCRIPTION FIXED FIELD--GENERAL INFORMATION
fixed length control field gz cu u
007 - PHYSICAL DESCRIPTION FIXED FIELD--GENERAL INFORMATION
fixed length control field vd|bbaaoz
008 - FIXED-LENGTH DATA ELEMENTS--GENERAL INFORMATION
fixed length control field 981218s1998 caunnn e zleng d
001 - CONTROL NUMBER
control field 367232
010 ## - LIBRARY OF CONGRESS CONTROL NUMBER
LC control number pms00255981
020 ## - INTERNATIONAL STANDARD BOOK NUMBER
International Standard Book Number 0783225849
024 1# - OTHER STANDARD IDENTIFIER
Standard number or code 025192025129
028 42 - PUBLISHER NUMBER
Publisher number 20251
Source Universal
035 ## - SYSTEM CONTROL NUMBER
System control number (Sirsi) i9780783225845
035 ## - SYSTEM CONTROL NUMBER
System control number 3281523
040 ## - CATALOGING SOURCE
Transcribing agency XX-XxUND
041 1# - LANGUAGE CODE
Language code of text/sound track or separate title engfre
Language code of summary or abstract/overprinted title or subtitle spa
090 ## - LOCALLY ASSIGNED LC-TYPE CALL NUMBER (OCLC); LOCAL CALL NUMBER (OCLC)
Classification number (OCLC) (R) ; Classification number, CALL (RLIN) (NR) PN1997.P793
Local cutter number (OCLC) ; Book number/undivided call number, CALL (RLIN) P7 1997
092 04 - LOCALLY ASSIGNED DEWEY CALL NUMBER (OCLC)
Classification number 791.4372
Item number PSY
Classification number FIC
082 ## - DEWEY DECIMAL CLASSIFICATION NUMBER
Classification number 791.437
092 ## - LOCALLY ASSIGNED DEWEY CALL NUMBER (OCLC)
Classification number 791.437
245 00 - TITLE STATEMENT
Title Psycho /
Statement of responsibility, etc produced and directed by Alfred Hitchcock ; co-directed by Saul Bass ; written by Joseph Stefano.
250 ## - EDITION STATEMENT
Edition statement Widescreen ed.
260 ## - PUBLICATION, DISTRIBUTION, ETC. (IMPRINT)
Place of publication, distribution, etc Universal City, CA :
Name of publisher, distributor, etc Universal Home Video,
Date of publication, distribution, etc c1998.
300 ## - PHYSICAL DESCRIPTION
Extent 1 videodisc (109 min.) :
Other physical details sd., b&w ;
Dimensions 4 3/4 in. +
Accompanying material 1 guide.
500 ## - GENERAL NOTE
General note Based on the novel by Robert Bloch.
500 ## - GENERAL NOTE
General note Originally released as a motion picture in 1960.
501 ## - WITH NOTE
With note With: Interactive menu, chapter index, original documentary on the making of "Psycho", censored scene, theatrical trailers, production drawings, 'shower scene' without music, newsreel footage, and production photographs.
508 ## - CREATION/PRODUCTION CREDITS NOTE
Creation/production credits note Photography, John L. Russell ; art design, Robert Clatworthy ; editor, George Tomasini ; music, Bernard Herrmann.
511 1# - PARTICIPANT OR PERFORMER NOTE
Participant or performer note Anthony Perkins, Vera Miles, John Gavin, Martin Balsam, Janet Leigh.
520 ## - SUMMARY, ETC.
Summary, etc Perkins stars as the troubled Norman Bates, whose "old house" and adjoining motel are not the place to spend a quiet evening, especially if you are a woman.
521 8# - TARGET AUDIENCE NOTE
Target audience note MPAA rating: R.
521 ## - TARGET AUDIENCE NOTE
Target audience note Adult.
538 ## - SYSTEM DETAILS NOTE
System details note Digital video disc. Hi-fi Dolby digital.
540 ## - TERMS GOVERNING USE AND REPRODUCTION NOTE
Terms governing use and reproduction For private home use only.
546 ## - LANGUAGE NOTE
Language note Closed-captioned for the hearing impaired.
546 ## - LANGUAGE NOTE
Language note In English with Frenck track and Spanish subtitles.
650 #0 - SUBJECT ADDED ENTRY--TOPICAL TERM
Topical term or geographic name as entry element Mothers and sons
Form subdivision Drama.
9 (RLIN) 5710443
655 #0 - INDEX TERM--GENRE/FORM
Genre/form data or focus term Detective and mystery films.
9 (RLIN) 5674335
655 #0 - INDEX TERM--GENRE/FORM
Genre/form data or focus term Horror films.
9 (RLIN) 6104380
655 #0 - INDEX TERM--GENRE/FORM
Genre/form data or focus term Feature films.
9 (RLIN) 6104381
650 #0 - SUBJECT ADDED ENTRY--TOPICAL TERM
Topical term or geographic name as entry element Video recordings for the hearing impaired.
9 (RLIN) 6104382
650 #7 - SUBJECT ADDED ENTRY--TOPICAL TERM
Topical term or geographic name as entry element Mystery films.
Source of heading or term sears
9 (RLIN) 6104383
650 #0 - SUBJECT ADDED ENTRY--TOPICAL TERM
Topical term or geographic name as entry element Horror films.
9 (RLIN) 6104384
650 #0 - SUBJECT ADDED ENTRY--TOPICAL TERM
Topical term or geographic name as entry element Closed captioning.
9 (RLIN) 81579
650 #0 - SUBJECT ADDED ENTRY--TOPICAL TERM
Topical term or geographic name as entry element DVD, Feature
General subdivision Horror
-- 1960-1969.
9 (RLIN) 6500129
700 1# - ADDED ENTRY--PERSONAL NAME
Personal name Hitchcock, Alfred,
Dates associated with a name 1899-1980.
9 (RLIN) 6104386
700 1# - ADDED ENTRY--PERSONAL NAME
Personal name Leigh, Janet.
9 (RLIN) 18661
700 1# - ADDED ENTRY--PERSONAL NAME
Personal name Miles, Vera.
9 (RLIN) 59819
700 1# - ADDED ENTRY--PERSONAL NAME
Personal name Perkins, Anthony,
Dates associated with a name 1932-1992.
9 (RLIN) 34959
700 1# - ADDED ENTRY--PERSONAL NAME
Personal name Bloch, Robert,
Dates associated with a name 1917-1994.
9 (RLIN) 2177
710 2# - ADDED ENTRY--CORPORATE NAME
Corporate name or jurisdiction name as entry element Universal Home Video, Inc.
9 (RLIN) 6104387
920 ## -
-- 109 min. b&w c-c + guide
942 ## - ADDED ENTRY ELEMENTS (KOHA)
Koha item type DVD
979 ## -
-- 299146
998 ## - LOCAL CONTROL INFORMATION (RLIN)
-- a19712
Holdings
Withdrawn status Lost status Source of classification or shelving scheme Damaged status Not for loan Collection code Home library Current library Shelving location Date acquired Source of acquisition Total Checkouts Total Renewals Full call number Barcode Date last seen Date checked out Cost, replacement price Price effective from Koha item type
    Dewey Decimal Classification     Movies Wasatch County Library Wasatch County Library Audio Visual Area 01/24/2024 Amazon 9 11 Movie Psycho 34301002063685 10/30/2025 10/24/2025 13.99 01/24/2024 Blu-ray
This project was made possible through a grant from the Institute of Museum and Library Service administered by the Utah State Library Division.

Wasatch County Library

  • 465 East 1200 South, Heber City, Utah 84032
  • Phone 435-654-1511 | Fax 435-654-6456

Hours

  • Monday - Friday 9:30 AM - 8:00 PM
  • Saturday 9:30 AM - 1:30 PM
  • Closed Sundays and Holidays